000 00464nam a2200169 a 4500
001 4944
003 CO-ViMGA
008 141112s2004 ck r 000 u spa d
040 _aCO-ViMGA
_bspa
_cCO-ViMGA
082 0 4 _a128.5 A537e
100 1 _aAndrau, Mariane
_93126
245 1 0 _aEnfrentarse a la muerte :
_blas huellas de un destino inevitable
260 _aBuenos Aires :
_bSudAméricana,
_c1992
300 _a237 p
650 1 4 _aMUERTE
_948270
942 _2ddc
_cBK
999 _c16947
_d16947